000 00708nam a2200205Ii 4500
003 JO-AjNU
008 230605s9999||||xx |||||||||||||| ||und||
040 _aJO-AjNU
_bara
_erda
_cJO-AjNU
041 _aara
050 1 4 _aPJ7700.K52.Z87 1985
100 3 _aإعداد البقاعي،محمد خير,
_eauthor
_917964
245 0 0 _aشعر محمد بن بشير الخارجي
250 _aط1
264 3 1 _aدمشق:دار قتيبة للطباعة والنشر والتوزيع،1985
300 _a166ص
336 _atext
_btxt
_2rdacontent
337 _aunmediated
_bn
_2rdamedia
338 _avolume
_bnc
_2rdacarrier
650 4 _aالشعر العربي - محمد بن بشير الخارجي
_917965
999 _aA5657
_c9225
_d9225